Every 2D Super Mario Bros. Game - Statistics

General Stats
  • This quiz has been taken 29 times
    25 since last reset
  • The average score is 13 of 20
Answer Stats
Hint Answer % Correct
1985 (NES) Super Mario Bros.
100%
1988 (NES) Super Mario Bros. 2
100%
1988 (NES) Super Mario Bros. 3
95%
2006 (DS) New Super Mario Bros.
89%
2009 (Wii) New Super Mario Bros. Wii
84%
1989 (GB) Super Mario Land
84%
1990 (SNES) Super Mario World
84%
1992 (GB) Super Mario Land 2: 6 Golden Coins
79%
2012 (3DS) New Super Mario Bros. 2
74%
2012 (Wii U) New Super Mario Bros. U
74%
1986 (NES) Super Mario Bros.: The Lost Levels
74%
2023 (Switch) Super Mario Bros. Wonder
63%
2016 (iOS) Super Mario Run
63%
2019 (Switch) New Super Mario Bros. U Deluxe
58%
2015 (Wii U) Super Mario Maker
58%
2019 (Switch) Super Mario Maker 2
58%
2013 (Wii U) New Super Luigi U
53%
2015 (3DS) Super Mario Maker for the 3DS
26%
2020 (Switch) Super Mario Bros. 35
5%
2026 (Switch 2) Super Mario Bros. Wonder + Meetup in Bellabel Park
5%
No matching quizzes found
Score Distribution
Percent of People with Each Score
Percentile by Number Answered
Your Score History
You have not taken this quiz since the last reset